<?xml version="1.0" encoding="UTF-8"?>
<record
    xmlns:xsi="http://www.w3.org/2001/XMLSchema-instance"
    xsi:schemaLocation="http://www.loc.gov/MARC21/slim http://www.loc.gov/standards/marcxml/schema/MARC21slim.xsd"
    xmlns="http://www.loc.gov/MARC21/slim">

  <leader>00869nas a2200265 u 4500</leader>
  <controlfield tag="001">142459</controlfield>
  <controlfield tag="005">20251111100128.0</controlfield>
  <controlfield tag="008">971027uuuuuuuuu                    spa  </controlfield>
  <datafield tag="022" ind1=" " ind2=" ">
    <subfield code="a">1021-0164</subfield>
  </datafield>
  <datafield tag="035" ind1=" " ind2=" ">
    <subfield code="a">142459</subfield>
  </datafield>
  <datafield tag="040" ind1=" " ind2=" ">
    <subfield code="c">comduadb</subfield>
  </datafield>
  <datafield tag="041" ind1=" " ind2=" ">
    <subfield code="a">spa</subfield>
  </datafield>
  <datafield tag="082" ind1=" " ind2="4">
    <subfield code="a">634</subfield>
  </datafield>
  <datafield tag="245" ind1="1" ind2="0">
    <subfield code="a">Revista Forestal Centroamericana (Turrialba)</subfield>
  </datafield>
  <datafield tag="260" ind1=" " ind2=" ">
    <subfield code="a">Costa Rica :</subfield>
    <subfield code="b">Centro Agronomico Tropical de Investigacion y Ensenanza.</subfield>
  </datafield>
  <datafield tag="650" ind1=" " ind2="7">
    <subfield code="a">Biolog&#xED;a</subfield>
    <subfield code="2">dcs</subfield>
    <subfield code="9">2119</subfield>
  </datafield>
  <datafield tag="650" ind1=" " ind2="7">
    <subfield code="a">Educaci&#xF3;n ambiental</subfield>
    <subfield code="2">lemb</subfield>
    <subfield code="9">4704</subfield>
  </datafield>
  <datafield tag="650" ind1=" " ind2="7">
    <subfield code="a">Protecci&#xF3;n del medio ambiente</subfield>
    <subfield code="2">lemb</subfield>
    <subfield code="9">28198</subfield>
  </datafield>
  <datafield tag="650" ind1=" " ind2="7">
    <subfield code="a">Bosques</subfield>
    <subfield code="2">lemb</subfield>
    <subfield code="9">524</subfield>
  </datafield>
  <datafield tag="650" ind1=" " ind2=" ">
    <subfield code="a">Recursos naturales renovables</subfield>
    <subfield code="9">48376</subfield>
  </datafield>
  <datafield tag="650" ind1=" " ind2="7">
    <subfield code="a">Desarrollo rural</subfield>
    <subfield code="2">lemb</subfield>
    <subfield code="9">33315</subfield>
  </datafield>
  <datafield tag="650" ind1=" " ind2="7">
    <subfield code="a">Biodiversidad</subfield>
    <subfield code="2">embne</subfield>
    <subfield code="9">58506</subfield>
  </datafield>
  <datafield tag="787" ind1="0" ind2="8">
    <subfield code="i">T&#xED;tulo-cambio de titulo</subfield>
    <subfield code="t">Recursos Naturales y Ambiente (Costa Rica)</subfield>
    <subfield code="d">2004</subfield>
    <subfield code="w">902596</subfield>
  </datafield>
  <datafield tag="942" ind1=" " ind2=" ">
    <subfield code="c">REVISTA</subfield>
  </datafield>
  <datafield tag="999" ind1=" " ind2=" ">
    <subfield code="c">73681</subfield>
    <subfield code="d">73681</subfield>
  </datafield>
  <datafield tag="952" ind1=" " ind2=" ">
    <subfield code="0">0</subfield>
    <subfield code="1">0</subfield>
    <subfield code="4">0</subfield>
    <subfield code="7">0</subfield>
    <subfield code="8">HEMEROTECA</subfield>
    <subfield code="a">BC</subfield>
    <subfield code="b">BC</subfield>
    <subfield code="c">EST11A</subfield>
    <subfield code="h">Vol. 02, No. 02, Feb-Abr. 1993</subfield>
    <subfield code="l">0</subfield>
    <subfield code="p">6-320931</subfield>
    <subfield code="y">REVISTA</subfield>
  </datafield>
  <datafield tag="952" ind1=" " ind2=" ">
    <subfield code="0">0</subfield>
    <subfield code="1">0</subfield>
    <subfield code="4">0</subfield>
    <subfield code="7">0</subfield>
    <subfield code="8">HEMEROTECA</subfield>
    <subfield code="a">BC</subfield>
    <subfield code="b">BC</subfield>
    <subfield code="c">EST11A</subfield>
    <subfield code="h">Vol. 02, No. 03, May-Jul. 1993</subfield>
    <subfield code="l">0</subfield>
    <subfield code="p">6-320933</subfield>
    <subfield code="y">REVISTA</subfield>
  </datafield>
  <datafield tag="952" ind1=" " ind2=" ">
    <subfield code="0">0</subfield>
    <subfield code="1">0</subfield>
    <subfield code="4">0</subfield>
    <subfield code="7">0</subfield>
    <subfield code="8">HEMEROTECA</subfield>
    <subfield code="a">BC</subfield>
    <subfield code="b">BC</subfield>
    <subfield code="c">EST11A</subfield>
    <subfield code="h">No. 25, Ene-Mar. 1999</subfield>
    <subfield code="l">0</subfield>
    <subfield code="p">6-10000003481257</subfield>
    <subfield code="y">REVISTA</subfield>
  </datafield>
  <datafield tag="952" ind1=" " ind2=" ">
    <subfield code="0">0</subfield>
    <subfield code="1">0</subfield>
    <subfield code="4">0</subfield>
    <subfield code="7">0</subfield>
    <subfield code="8">HEMEROTECA</subfield>
    <subfield code="a">BC</subfield>
    <subfield code="b">BC</subfield>
    <subfield code="c">EST11A</subfield>
    <subfield code="h">No. 34, Abr.-Jun. 2001</subfield>
    <subfield code="l">0</subfield>
    <subfield code="p">6-448826</subfield>
    <subfield code="y">REVISTA</subfield>
  </datafield>
  <datafield tag="952" ind1=" " ind2=" ">
    <subfield code="0">0</subfield>
    <subfield code="1">0</subfield>
    <subfield code="4">0</subfield>
    <subfield code="7">0</subfield>
    <subfield code="8">HEMEROTECA</subfield>
    <subfield code="a">BC</subfield>
    <subfield code="b">BC</subfield>
    <subfield code="c">EST11A</subfield>
    <subfield code="h">No. 37, Ene.-Mar. 2002</subfield>
    <subfield code="l">0</subfield>
    <subfield code="p">61000004105696</subfield>
    <subfield code="y">REVISTA</subfield>
  </datafield>
  <datafield tag="952" ind1=" " ind2=" ">
    <subfield code="0">0</subfield>
    <subfield code="1">0</subfield>
    <subfield code="4">0</subfield>
    <subfield code="7">0</subfield>
    <subfield code="8">HEMEROTECA</subfield>
    <subfield code="a">BC</subfield>
    <subfield code="b">BC</subfield>
    <subfield code="c">EST11A</subfield>
    <subfield code="h">Vol. 06, No. 21, Oct.-Dic. 1997</subfield>
    <subfield code="l">0</subfield>
    <subfield code="p">6-435549</subfield>
    <subfield code="y">REVISTA</subfield>
  </datafield>
  <datafield tag="952" ind1=" " ind2=" ">
    <subfield code="0">0</subfield>
    <subfield code="1">0</subfield>
    <subfield code="4">0</subfield>
    <subfield code="7">0</subfield>
    <subfield code="8">HEMEROTECA</subfield>
    <subfield code="a">BC</subfield>
    <subfield code="b">BC</subfield>
    <subfield code="c">EST11A</subfield>
    <subfield code="h">No. 33, Ene.-Mar. 2001</subfield>
    <subfield code="l">0</subfield>
    <subfield code="p">61000002139299</subfield>
    <subfield code="y">REVISTA</subfield>
  </datafield>
  <datafield tag="952" ind1=" " ind2=" ">
    <subfield code="0">0</subfield>
    <subfield code="1">0</subfield>
    <subfield code="4">0</subfield>
    <subfield code="7">0</subfield>
    <subfield code="8">HEMEROTECA</subfield>
    <subfield code="a">BC</subfield>
    <subfield code="b">BC</subfield>
    <subfield code="c">EST11A</subfield>
    <subfield code="h">No. 39-40 Jul.-Dic, 2002</subfield>
    <subfield code="l">0</subfield>
    <subfield code="p">61000004910191</subfield>
    <subfield code="y">REVISTA</subfield>
  </datafield>
  <datafield tag="952" ind1=" " ind2=" ">
    <subfield code="0">0</subfield>
    <subfield code="1">0</subfield>
    <subfield code="4">0</subfield>
    <subfield code="7">0</subfield>
    <subfield code="8">HEMEROTECA</subfield>
    <subfield code="a">BC</subfield>
    <subfield code="b">BC</subfield>
    <subfield code="c">EST11A</subfield>
    <subfield code="h">Vol. 01, No. 01,Oct. 1992</subfield>
    <subfield code="l">0</subfield>
    <subfield code="p">6-320934</subfield>
    <subfield code="y">REVISTA</subfield>
  </datafield>
  <datafield tag="952" ind1=" " ind2=" ">
    <subfield code="0">0</subfield>
    <subfield code="1">0</subfield>
    <subfield code="4">0</subfield>
    <subfield code="7">0</subfield>
    <subfield code="8">HEMEROTECA</subfield>
    <subfield code="a">BC</subfield>
    <subfield code="b">BC</subfield>
    <subfield code="c">EST11A</subfield>
    <subfield code="h">No. 31, Jul.-Sep. 2000</subfield>
    <subfield code="l">0</subfield>
    <subfield code="p">61000002126684</subfield>
    <subfield code="y">REVISTA</subfield>
  </datafield>
  <datafield tag="952" ind1=" " ind2=" ">
    <subfield code="0">0</subfield>
    <subfield code="1">0</subfield>
    <subfield code="4">0</subfield>
    <subfield code="7">0</subfield>
    <subfield code="8">HEMEROTECA</subfield>
    <subfield code="a">BC</subfield>
    <subfield code="b">BC</subfield>
    <subfield code="c">EST11A</subfield>
    <subfield code="h">Vol. 06, No. 19, Apr.-Jun. 1997</subfield>
    <subfield code="l">0</subfield>
    <subfield code="p">6-320937</subfield>
    <subfield code="y">REVISTA</subfield>
  </datafield>
  <datafield tag="952" ind1=" " ind2=" ">
    <subfield code="0">0</subfield>
    <subfield code="1">0</subfield>
    <subfield code="4">0</subfield>
    <subfield code="7">0</subfield>
    <subfield code="8">HEMEROTECA</subfield>
    <subfield code="a">BC</subfield>
    <subfield code="b">BC</subfield>
    <subfield code="c">EST11A</subfield>
    <subfield code="h">No. 38, Abr.-Jun. 2002</subfield>
    <subfield code="l">0</subfield>
    <subfield code="p">61000004910214</subfield>
    <subfield code="y">REVISTA</subfield>
  </datafield>
  <datafield tag="952" ind1=" " ind2=" ">
    <subfield code="0">0</subfield>
    <subfield code="1">0</subfield>
    <subfield code="4">0</subfield>
    <subfield code="7">0</subfield>
    <subfield code="8">HEMEROTECA</subfield>
    <subfield code="a">BC</subfield>
    <subfield code="b">BC</subfield>
    <subfield code="c">EST11A</subfield>
    <subfield code="h">Vol. 03, No. 08, Jun.-Ago. 1994</subfield>
    <subfield code="l">0</subfield>
    <subfield code="p">6-320930</subfield>
    <subfield code="y">REVISTA</subfield>
  </datafield>
  <datafield tag="952" ind1=" " ind2=" ">
    <subfield code="0">0</subfield>
    <subfield code="1">0</subfield>
    <subfield code="4">0</subfield>
    <subfield code="7">0</subfield>
    <subfield code="8">HEMEROTECA</subfield>
    <subfield code="a">BC</subfield>
    <subfield code="b">BC</subfield>
    <subfield code="c">EST11A</subfield>
    <subfield code="h">No. 32, Oct.-Dic. 2000</subfield>
    <subfield code="l">0</subfield>
    <subfield code="p">61000002122246</subfield>
    <subfield code="y">REVISTA</subfield>
  </datafield>
  <datafield tag="952" ind1=" " ind2=" ">
    <subfield code="0">0</subfield>
    <subfield code="1">0</subfield>
    <subfield code="4">0</subfield>
    <subfield code="7">0</subfield>
    <subfield code="8">HEMEROTECA</subfield>
    <subfield code="a">BC</subfield>
    <subfield code="b">BC</subfield>
    <subfield code="c">EST11A</subfield>
    <subfield code="h">Vol. 04, No. 14, Dic.-Feb. 1995</subfield>
    <subfield code="l">0</subfield>
    <subfield code="p">6-320938</subfield>
    <subfield code="y">REVISTA</subfield>
  </datafield>
  <datafield tag="952" ind1=" " ind2=" ">
    <subfield code="0">0</subfield>
    <subfield code="1">0</subfield>
    <subfield code="4">0</subfield>
    <subfield code="7">0</subfield>
    <subfield code="8">HEMEROTECA</subfield>
    <subfield code="a">BC</subfield>
    <subfield code="b">BC</subfield>
    <subfield code="c">EST11A</subfield>
    <subfield code="h">No. 27, Jul.-Sep. 1999</subfield>
    <subfield code="l">0</subfield>
    <subfield code="p">6-10000003151821</subfield>
    <subfield code="y">REVISTA</subfield>
  </datafield>
  <datafield tag="952" ind1=" " ind2=" ">
    <subfield code="0">0</subfield>
    <subfield code="1">0</subfield>
    <subfield code="4">0</subfield>
    <subfield code="7">0</subfield>
    <subfield code="8">HEMEROTECA</subfield>
    <subfield code="a">BC</subfield>
    <subfield code="b">BC</subfield>
    <subfield code="c">EST11A</subfield>
    <subfield code="h">Vol. 06, No. 18, Ene.-Mar. 1997</subfield>
    <subfield code="l">0</subfield>
    <subfield code="p">6-320942</subfield>
    <subfield code="y">REVISTA</subfield>
  </datafield>
  <datafield tag="952" ind1=" " ind2=" ">
    <subfield code="0">0</subfield>
    <subfield code="1">0</subfield>
    <subfield code="4">0</subfield>
    <subfield code="7">0</subfield>
    <subfield code="8">HEMEROTECA</subfield>
    <subfield code="a">BC</subfield>
    <subfield code="b">BC</subfield>
    <subfield code="c">EST11A</subfield>
    <subfield code="h">Vol. 02, No. 05, Nov.-Ene. 1993</subfield>
    <subfield code="l">0</subfield>
    <subfield code="p">6-320939</subfield>
    <subfield code="y">REVISTA</subfield>
  </datafield>
  <datafield tag="952" ind1=" " ind2=" ">
    <subfield code="0">0</subfield>
    <subfield code="1">0</subfield>
    <subfield code="4">0</subfield>
    <subfield code="7">0</subfield>
    <subfield code="8">HEMEROTECA</subfield>
    <subfield code="a">BC</subfield>
    <subfield code="b">BC</subfield>
    <subfield code="c">EST11A</subfield>
    <subfield code="h">Vol. 07, No. 22, Ene.-Mar. 1998</subfield>
    <subfield code="l">0</subfield>
    <subfield code="p">6-435548</subfield>
    <subfield code="y">REVISTA</subfield>
  </datafield>
  <datafield tag="952" ind1=" " ind2=" ">
    <subfield code="0">0</subfield>
    <subfield code="1">0</subfield>
    <subfield code="4">0</subfield>
    <subfield code="7">0</subfield>
    <subfield code="8">HEMEROTECA</subfield>
    <subfield code="a">BC</subfield>
    <subfield code="b">BC</subfield>
    <subfield code="c">EST11A</subfield>
    <subfield code="h">Vol. 02, No. 02, Feb-Abr. 1993</subfield>
    <subfield code="l">0</subfield>
    <subfield code="p">6-320940</subfield>
    <subfield code="y">REVISTA</subfield>
  </datafield>
  <datafield tag="952" ind1=" " ind2=" ">
    <subfield code="0">0</subfield>
    <subfield code="1">0</subfield>
    <subfield code="4">0</subfield>
    <subfield code="7">0</subfield>
    <subfield code="8">HEMEROTECA</subfield>
    <subfield code="a">BC</subfield>
    <subfield code="b">BC</subfield>
    <subfield code="c">EST11A</subfield>
    <subfield code="h">Vol. 06, No. 20, Jul.-Sep. 1997</subfield>
    <subfield code="l">0</subfield>
    <subfield code="p">6-320935</subfield>
    <subfield code="y">REVISTA</subfield>
  </datafield>
  <datafield tag="952" ind1=" " ind2=" ">
    <subfield code="0">0</subfield>
    <subfield code="1">0</subfield>
    <subfield code="4">0</subfield>
    <subfield code="7">0</subfield>
    <subfield code="8">HEMEROTECA</subfield>
    <subfield code="a">BC</subfield>
    <subfield code="b">BC</subfield>
    <subfield code="c">EST11A</subfield>
    <subfield code="h">No. 35, Jul.-Sep. 2001</subfield>
    <subfield code="l">0</subfield>
    <subfield code="p">61000002043533</subfield>
    <subfield code="y">REVISTA</subfield>
  </datafield>
  <datafield tag="952" ind1=" " ind2=" ">
    <subfield code="0">0</subfield>
    <subfield code="1">0</subfield>
    <subfield code="4">0</subfield>
    <subfield code="7">0</subfield>
    <subfield code="8">HEMEROTECA</subfield>
    <subfield code="a">BC</subfield>
    <subfield code="b">BC</subfield>
    <subfield code="c">EST11A</subfield>
    <subfield code="h">Vol. 03, No. 07, Feb.-Abr. 1994</subfield>
    <subfield code="l">0</subfield>
    <subfield code="p">6-320944</subfield>
    <subfield code="y">REVISTA</subfield>
  </datafield>
  <datafield tag="952" ind1=" " ind2=" ">
    <subfield code="0">0</subfield>
    <subfield code="1">0</subfield>
    <subfield code="4">0</subfield>
    <subfield code="7">0</subfield>
    <subfield code="8">HEMEROTECA</subfield>
    <subfield code="a">BC</subfield>
    <subfield code="b">BC</subfield>
    <subfield code="c">EST11A</subfield>
    <subfield code="h">No. 36, Oct.-Dic. 2001</subfield>
    <subfield code="l">0</subfield>
    <subfield code="p">61000003604796</subfield>
    <subfield code="y">REVISTA</subfield>
  </datafield>
  <datafield tag="952" ind1=" " ind2=" ">
    <subfield code="0">0</subfield>
    <subfield code="1">0</subfield>
    <subfield code="4">0</subfield>
    <subfield code="7">0</subfield>
    <subfield code="8">HEMEROTECA</subfield>
    <subfield code="a">BC</subfield>
    <subfield code="b">BC</subfield>
    <subfield code="c">EST11A</subfield>
    <subfield code="h">Vol. 04, No. 13, Sep.-Nov. 1995</subfield>
    <subfield code="l">1</subfield>
    <subfield code="p">6-320932</subfield>
    <subfield code="r">2024-03-14 00:00:00</subfield>
    <subfield code="s">2024-01-19</subfield>
    <subfield code="y">REVISTA</subfield>
  </datafield>
  <datafield tag="952" ind1=" " ind2=" ">
    <subfield code="0">0</subfield>
    <subfield code="1">0</subfield>
    <subfield code="4">0</subfield>
    <subfield code="7">0</subfield>
    <subfield code="8">HEMEROTECA</subfield>
    <subfield code="a">BC</subfield>
    <subfield code="b">BC</subfield>
    <subfield code="c">EST11A</subfield>
    <subfield code="h">Vol. 02, No. 04, Ago.-Oct. 1993</subfield>
    <subfield code="l">0</subfield>
    <subfield code="p">6-320936</subfield>
    <subfield code="y">REVISTA</subfield>
  </datafield>
  <datafield tag="952" ind1=" " ind2=" ">
    <subfield code="0">0</subfield>
    <subfield code="1">0</subfield>
    <subfield code="4">0</subfield>
    <subfield code="7">0</subfield>
    <subfield code="8">HEMEROTECA</subfield>
    <subfield code="a">BC</subfield>
    <subfield code="b">BC</subfield>
    <subfield code="c">EST11A</subfield>
    <subfield code="h">No. 26, Abr.-Jun. 1999</subfield>
    <subfield code="l">0</subfield>
    <subfield code="p">6-10000003156341</subfield>
    <subfield code="y">REVISTA</subfield>
  </datafield>
</record>
